Missing Countries on a Map - O - Statistics

General Stats
  • This quiz has been taken 3,385 times
  • The average score is 119 of 130
Answers on the Map
Answers color-coded by a green-red scale on the quiz's map according to % correct below.
 
Answer Stats
Hint Answer % Correct
C Canada
99%
U United States
99%
B Brazil
98%
C China
98%
F France
98%
R Russia
98%
A Argentina
97%
F Finland
97%
G Germany
97%
I India
97%
S Spain
97%
S Sweden
97%
A Algeria
96%
A Australia
96%
E Egypt
96%
I Iran
96%
I Iraq
96%
I Italy
96%
K Kazakhstan
96%
P Panama
96%
P Paraguay
96%
P Peru
96%
V Venezuela
96%
A Austria
95%
C Chad
95%
C Chile
95%
H Hungary
95%
L Libya
95%
P Pakistan
95%
S Saudi Arabia
95%
U Ukraine
95%
U Uruguay
95%
Y Yemen
95%
A Afghanistan
94%
B Belarus
94%
C Czech Republic
94%
G Greece
94%
G Guyana
94%
J Japan
94%
L Latvia
94%
L Lithuania
94%
M Mali
94%
N New Zealand
94%
N Niger
94%
N Nigeria
94%
S Sudan
94%
S Switzerland
94%
T Turkey
94%
B Belgium
93%
C Cuba
93%
D Denmark
93%
G Ghana
93%
G Guatemala
93%
K Kenya
93%
N Nepal
93%
N Nicaragua
93%
S Suriname
93%
T Thailand
93%
U Uzbekistan
93%
Z Zambia
93%
Z Zimbabwe
93%
B Bhutan
92%
B Bulgaria
92%
H Haiti
92%
I Ireland
92%
T Tunisia
92%
T Turkmenistan
92%
U Uganda
92%
B Bahamas
91%
F Fiji
91%
J Jamaica
91%
K Kyrgyzstan
91%
M Mauritania
91%
M Myanmar
91%
N Namibia
91%
N Netherlands
91%
S Serbia
91%
T Tajikistan
91%
T Tanzania
91%
V Vietnam
91%
A Armenia
90%
B Benin
90%
C Central African Republic
90%
G Guinea
90%
Q Qatar
90%
R Rwanda
90%
S Syria
90%
A Azerbaijan
89%
B Bangladesh
89%
B Belize
89%
I Iceland
89%
M Malta
89%
S Senegal
89%
A Albania
88%
E Eritrea
88%
G Gambia
88%
I Israel
88%
K Kiribati
88%
M Malaysia
88%
P Papua New Guinea
88%
V Vatican City
88%
L Liberia
87%
L Liechtenstein
87%
M Madagascar
87%
N Nauru
87%
P Palau
87%
T Tuvalu
87%
B Burundi
86%
G Guinea-Bissau
86%
K Kuwait
86%
M Malawi
86%
P Philippines
86%
V Vanuatu
86%
B Bahrain
85%
C Cyprus
85%
M Marshall Islands
85%
M Mauritius
85%
S Saint Kitts and Nevis
85%
S Saint Lucia
85%
S Sri Lanka
85%
T Taiwan
85%
U United Arab Emirates
85%
A Antigua and Barbuda
84%
E eSwatini
84%
S Seychelles
84%
B Brunei
83%
G Grenada
83%
S Saint Vincent and the Grenadines
83%
M Maldives
82%
C Cape Verde
80%
No matching quizzes found
Score Distribution
Percent of People with Each Score
Percentile by Number Answered
Your Score History
You have not taken this quiz